000 00387pab a2200157 454500
008 180718b2008 xxu||||| |||| 00| 0 eng d
100 _aBigo, Vinca
245 _aExplaining modern economics (as a microcosm of society)
260 _c2008
300 _ap.527-54.
362 _aJul
650 _aEconomics
773 _aCambridge Journal of Economics
908 _aN
909 _a79382
999 _c79382
_d79382